In the loop : Don DeLillo and the systems novel /

Bibliographic Details
Main Author: LeClair, Tom, 1944-
Format: Book
Language:English
Published: Urbana : University of Illinois Press, [1987]
Subjects:

MARC

Tag First Indicator Second Indicator Subfields
LEADER 00000cam a22000008a 4500
001 in00000008729
005 20151003090012.0
008 870409s1987 ilu b s00110 eng
010 |a  87010783  
020 |a 0252014839 
035 |a (OCoLC)15589756 
035 |9 AAA1131AM 
040 |a DLC  |c DLC  |d m/c  |d TXA  |d UtOrBLW 
050 0 0 |a PS3554.E4425  |b Z75 1988 
050 4 |a PS3554.E4425  |b Z75 1987 
082 0 |a 813/.54  |2 19 
100 1 |a LeClair, Tom,  |d 1944- 
245 1 0 |a In the loop :  |b Don DeLillo and the systems novel /  |c Tom LeClair. 
264 1 |a Urbana :  |b University of Illinois Press,  |c [1987] 
264 4 |c ©1987 
300 |a xiii, 244 pages 
336 |a text  |b txt  |2 rdacontent 
337 |a unmediated  |b n  |2 rdamedia 
338 |a volume  |b nc  |2 rdacarrier 
504 |a Bibliography: pages [237]-240. 
500 |a Includes index. 
600 1 0 |a DeLillo, Don  |x Criticism and interpretation. 
650 0 |a System theory in literature. 
999 |a MARS 
999 f f |s 436abe57-9734-33cc-9588-812ae60225b6  |i 49c9213e-713b-311f-ae43-ebdf680fb0c4  |t 0 
952 f f |p normal  |a Texas A&M University  |b College Station  |c Sterling C. Evans Library  |d Evans: Library Stacks  |t 0  |e PS3554.E4425 Z75 1987  |h Library of Congress classification  |i unmediated -- volume  |m A14812578749 
998 f f |a PS3554.E4425 Z75 1987  |t 0  |l Evans: Library Stacks